Huncúti

Bibliographic Details
Main Author: Niziurski, Edmund (Author)
Other Authors: Babiaková-Bajová, Mária, 1914-1993 (Translator), Vrtiak, Jozef, 1920-1993 (Illustrator)
Format: Book
Language:Slovak
Polish
PhysicalDescription:479, [8] s. 8°
Published: Bratislava Mladé letá 1957
Subjects:

MARC

LEADER 00000nam a2200000 a 4500
001 vtls008331937
003 SK-MaSNL
005 20260301094850.0
008 181127s1957 xo 000 slo
015 |a SKSNBA1958/03-00458 
035 |a SK01SNK19580024154 
035 |a SKM000026617 
040 |a SNK  |b slo  |c SNK  |e AACR2 
041 1 |a slo  |h pol 
044 |a xo  |c SK 
080 |a 884-3(087.5)  |2 1981 
100 1 |a Niziurski, Edmund  |4 aut  |9 429309 
240 1 0 |a Ksiega urwisów  |l Slovensky 
245 1 0 |a Huncúti  |c Edmund Niziurski ; z poľ. orig. Ksiega urwisów (..., Warszawa 1955) prel. Mária Babiaková-Bajová ; ilustr. Jozef Vrtiak 
260 |a Bratislava  |b Mladé letá  |c 1957  |e Žilina  |f Pravda 
300 |a 479, [8] s.  |c 8° 
500 |a Pozn. 
521 |a Pre čitateľov od 11 rokov 
563 |a 5300 výtl. 
650 0 7 |a romány školské poľské  |2 SNK  |9 429310 
655 7 |a umelecká literatúra  |2 SNKPH  |9 60405 
700 1 |a Babiaková-Bajová, Mária,  |d 1914-1993  |4 trl  |9 48655 
700 1 |a Vrtiak, Jozef,  |d 1920-1993  |4 ill  |9 176809 
730 |a Ksiega urwisów  |9 429311 
852 |a Slovenská národná knižnica v Martine  |b 10000  |h SD 14734 
852 |a Slovenská národná knižnica v Martine  |b 10000  |h SD 14734 D1 
919 |a brož. 
919 |a viaz. 
958 |a OND 
958 |a TL 
958 |a DB 
958 |a PL 
958 |a UP 
958 |a RK 
999 |c 681530  |d 683460 
952 |a SNK  |b SNK  |y PREZ  |7 0  |p 17A0523734  |o snkSD 14734  |i snkKSP 363/58  |0 0  |1 0  |4 0  |d 2006-10-16  |l 0  |r 2025-11-28 00:00:00  |w 2026-02-23